[Event "Open Dutch Champ"]
[Site "Dieren NED"]
[Date "2004.07.30"]
[Round "4"]
[White "Van Rosmalen,J"]
[Black "Slings,S"]
[Result "1/2-1/2"]
[WhiteElo "2115"]
[BlackElo "2081"]

1.e4 c5 2.Nf3 e6 3.d4 cxd4 4.Nxd4 a6 5.Nc3 b5 6.Bd3 Bb7 7.O-O Qb6 8.Nb3 d6
9.Be3 Qc7 10.f4 Nf6 11.Qf3 Be7 12.a3 Nbd7 13.Qg3 h5 14.Kh1 h4 15.Qh3 Nc5
16.Nxc5 dxc5 17.e5 Nd5 18.Nxd5 Bxd5 19.Rad1 g6 20.Be2 Rd8 21.Bf3 Qc6 22.Bxd5 Rxd5
23.Qf3 O-O 24.Rxd5 Qxd5 25.Qxd5 exd5 26.f5 gxf5 27.Rxf5 d4 28.Bg5 Bxg5 29.Rxg5+ Kh7
30.Kg1 Kh6 31.Rf5 Re8 32.Kf2 Kg6 33.Rf6+ Kg5 34.Rxa6 Rxe5 35.Rb6 c4 36.Rd6 Re4
37.Rd5+ Kg4 38.h3+ Kf4 39.Rxb5 d3 40.cxd3 cxd3 41.Rd5 Re2+ 42.Kf1 Ke3 43.Re5+ Kd2
44.Rd5 Re4 45.b4 Rf4+ 46.Kg1 Kc3 47.Rc5+ Rc4 48.Rd5 Kc2 49.Kf2 d2 50.Ke2 Re4+
51.Kf3 Re1 52.Kg4 d1=Q+ 53.Rxd1 Rxd1 54.Kxh4 Kb3 55.Kg5 Rd6 56.g4 Rg6+ 57.Kf4 Rh6
58.Kg3 Kxa3 59.g5 Rg6 60.Kf4 Kxb4 61.h4 f6 62.Kf5 fxg5 63.hxg5 Ra6 64.g6 Kc5
65.g7 Ra8 66.Ke6 Kc6 67.Kf7 Ra7+ 68.Kf8 Ra8+ 69.Kf7  1/2-1/2

[Event "Open"]
[Site "Charleroi BEL"]
[Date "2004.07.31"]
[Round "2"]
[White "Van Steenkiste,V"]
[Black "Vandevoort,P"]
[Result "0-1"]
[WhiteElo "1992"]
[BlackElo "2378"]

1.e4 c5 2.Nf3 e6 3.d4 cxd4 4.Nxd4 a6 5.Nc3 Qc7 6.Bd3 Nf6 7.O-O d6 8.Kh1 Nbd7
9.f4 b5 10.a3 Bb7 11.f5 e5 12.Nb3 Be7 13.Qf3 Rd8 14.Be3 Nc5 15.Nxc5 dxc5
16.Rad1 O-O 17.Be2 Rxd1 18.Rxd1 Rd8 19.Qg3 Rxd1+ 20.Bxd1 Nxe4 21.Nxe4 Bxe4
22.Qf2 Qc6 23.Kg1 c4 24.c3 Qd7 25.Bg4 Qd3 26.h3 Bh4 27.Qd2 Bg3 28.f6 gxf6
29.Bc8 a5 30.Bd7 f5 31.Bxb5 f4 32.Qxd3 Bxd3 33.Bc1 e4 34.a4 Kg7 35.Bc6 Kf6
36.b4 cxb3 37.Bd5 Bc2 38.c4 e3 39.Bb2+ Ke7 40.Bf3 Bd3  0-1

[Event "Open Dutch Champ"]
[Site "Dieren NED"]
[Date "2004.07.31"]
[Round "5"]
[White "Bezemer,A"]
[Black "Hamelink,D"]
[Result "1/2-1/2"]
[WhiteElo "2375"]
[BlackElo "2219"]

1.e4 c5 2.Nf3 e6 3.d4 cxd4 4.Nxd4 a6 5.Nc3 b5 6.Bd3 Qb6 7.Nf3 Nc6 8.O-O d6
9.a4 b4 10.a5 Qc7 11.Na4 Nxa5 12.Be3 Rb8 13.Nb6 Rxb6 14.Rxa5 Rb8 15.Qa1 Nf6
16.Bxa6 Bd7 17.Bd3 Be7 18.Ra7 Rb7 19.Ra8+ Rb8 20.Qa7 Qxa7 21.Rxa7 e5 22.Bg5 h6
23.Bxf6 Bxf6 24.Rfa1 Be6 25.R1a6 d5 26.Ra5 dxe4 27.Bxe4 O-O 28.b3 Rfd8 29.h3 g6
30.Nxe5 Rd1+ 31.Kh2 Bd8 32.Ra8 Bxa5 33.Rxb8+ Kg7 34.Rb7 Re1 35.f3 Bd8 36.Nd3 Rd1
37.Nxb4 Bc8 38.Ra7 Bb6 39.Ra8 Bc7+ 40.f4 Bxf4+ 41.g3 Rd2+ 42.Kh1 Bxh3 43.gxf4 Rd4
44.Bd5 Rxb4 45.c4 Be6  1/2-1/2

[Event "Liepajas Rokade"]
[Site "Liepaya LAT"]
[Date "2004.08.01"]
[Round "11"]
[White "Kulaots,K"]
[Black "Shabalov,A"]
[Result "1/2-1/2"]
[WhiteElo "2593"]
[BlackElo "2605"]

1.e4 c5 2.Nf3 e6 3.d4 cxd4 4.Nxd4 a6 5.Nc3 Qc7 6.Be2 Nf6 7.O-O Nc6 8.Be3 Be7
9.f4 d6 10.a4 O-O 11.Kh1 Re8 12.Bd3  1/2-1/2

[Event "Liepajas Rokade"]
[Site "Liepaya LAT"]
[Date "2004.08.01"]
[Round "12"]
[White "Stefansson,H"]
[Black "Kveinys,A"]
[Result "1/2-1/2"]
[WhiteElo "2549"]
[BlackElo "2565"]

1.e4 c5 2.Nf3 e6 3.d4 cxd4 4.Nxd4 a6 5.Nc3 Qc7 6.Bd3 Bd6 7.h3 Ne7 8.Be3 Nbc6
9.Nxc6 dxc6 10.a4 a5 11.Bc4 Ng6 12.O-O O-O 13.Re1 Be7 14.Qe2 Rd8 15.g3 Bd7
16.f4  1/2-1/2

[Event "3rd Asean GM"]
[Site "Bangkok THA"]
[Date "2004.08.04"]
[Round "8"]
[White "Myo Naing"]
[Black "Zaw Win Lay"]
[Result "1-0"]
[WhiteElo "2477"]
[BlackElo "2532"]

1.e4 c5 2.Nf3 e6 3.d4 cxd4 4.Nxd4 a6 5.Nc3 b5 6.Bd3 Qb6 7.Nf3 Nc6 8.O-O Qb8
9.Re1 Nge7 10.Be3 d6 11.Qd2 Ng6 12.Nd4 Nxd4 13.Bxd4 Ne5 14.f4 Nc6 15.Bf2 Be7
16.Nd5 exd5 17.exd5 Na7 18.Re3 Bd7 19.Rae1 Nc8 20.Bh4 f6 21.Qe2 Qb6 22.Kh1 Qd8
23.Bxf6 gxf6 24.Qh5+ Kf8 25.Qh6+ Kf7 26.Bxh7 Bg4 27.Qg6+ Kf8 28.Qxg4 Rxh7
29.Rg3 Ke8 30.Qg8+ Kd7 31.Qxh7  1-0

[Event "3rd Asean GM"]
[Site "Bangkok THA"]
[Date "2004.08.06"]
[Round "10"]
[White "Myo Naing"]
[Black "Yu Shaoteng"]
[Result "1/2-1/2"]
[WhiteElo "2477"]
[BlackElo "2476"]

1.e4 c5 2.Nf3 e6 3.d4 cxd4 4.Nxd4 a6 5.Nc3 b5 6.Bd3 d6 7.O-O Nf6 8.a4 b4
9.Na2 e5 10.Nb3 Nc6 11.c3 bxc3 12.Nxc3 Be6 13.Bg5 Be7 14.Nd2 O-O  1/2-1/2

[Event "Stork YM"]
[Site "Hengelo NED"]
[Date "2004.08.10"]
[Round "2"]
[White "Dimitrijevic,A"]
[Black "Zhigalko,A"]
[Result "0-1"]
[WhiteElo "2292"]
[BlackElo "2478"]

1.e4 c5 2.Nf3 e6 3.d4 cxd4 4.Nxd4 a6 5.Nc3 b5 6.Bd3 d6 7.O-O Nf6 8.Be3 Bb7
9.a3 Nbd7 10.f4 Be7 11.Qe2 O-O 12.Rad1 Rc8 13.Bf2 Nc5 14.Kh1 g6 15.Bg1 Qc7
16.h3 e5 17.fxe5 dxe5 18.Bh2 Rcd8 19.Nf3 Nh5 20.Qe3 Bd6 21.Ne2 Rfe8 22.Qh6 Bf8
23.Qe3 Bg7 24.b4 Na4 25.Qf2 Nb2 26.Rc1 Nf6 27.Ng3 Qc3 28.Qb6 Qc6 29.Qf2 Rxd3
30.cxd3 Nxd3 31.Qe3 Nxc1 32.Rxc1 Qd6 33.Bg1 Bf8 34.Qa7 Nxe4 35.Nf1 Re7 36.Qe3 Rc7
37.Re1 Qe6  0-1

[Event "Australian Masters"]
[Site "Melbourne AUS"]
[Date "2004.08.12"]
[Round "9"]
[White "West,G"]
[Black "Pecori,A"]
[Result "1/2-1/2"]
[WhiteElo "2362"]
[BlackElo "2152"]

1.e4 c5 2.Nc3 e6 3.Nf3 a6 4.d4 cxd4 5.Nxd4 Qc7 6.Bd3 Nf6 7.O-O Nc6 8.Nxc6 bxc6
9.f4 Bc5+ 10.Kh1 h5 11.e5 Ng4 12.Ne4 Ba7 13.c4 f5 14.Nd6+ Kf8 15.Qc2 Qb6
16.h3 Nf2+ 17.Kh2 Ng4+ 18.Kh1 Nf2+ 19.Rxf2 Qxf2 20.Bd2 Be3 21.Bxe3 Qxe3 22.Rf1 g6
23.Qc3 Rb8 24.c5 Qg3 25.Rf3 Qh4 26.Qa5 Kg7 27.Qc7 Rxb2 28.Nxc8 Qd8 29.Qxd8 Rxd8
30.Nd6 Rxa2 31.Bc4 Ra1+ 32.Kh2 Rb8 33.h4 a5 34.Ba6 a4 35.Rd3 Rbb1 36.Rd4 Rd1
37.Rb4 Rdb1 38.Rd4 Rd1 39.Rb4 Rdb1  1/2-1/2

[Event "ch-ESP Abierto"]
[Site "Seville ESP"]
[Date "2004.08.13"]
[Round "1"]
[White "Solanas Godes,B"]
[Black "Vehi Bach,V"]
[Result "1/2-1/2"]
[WhiteElo "2019"]
[BlackElo "2379"]

1.e4 c5 2.d4 cxd4 3.Nf3 e6 4.Nxd4 a6 5.Nc3 b5 6.a3 Bb7 7.Be3 Qc7 8.Qd2 Nf6
9.f3 b4 10.axb4 Bxb4 11.Ra4 Bxc3 12.bxc3 d5 13.exd5 Nxd5 14.Rc4 Qe5 15.Kf2 Nd7
16.Nb3 Nxe3 17.Qxe3 Qxe3+ 18.Kxe3 Nb6 19.Rc5 Nd5+ 20.Kf2 Rc8 21.Rxc8+ Bxc8
22.c4 Nb4 23.Bd3 Ke7 24.Ra1 Rd8 25.Ke3 Kd6 26.Ra4 Nxd3 27.cxd3 e5 28.Ra5 Re8
29.Nc5 Kc7 30.Ne4 f6 31.Nc3 Kb6 32.Ra3 Be6 33.Rb3+ Kc6 34.Na4 Kc7 35.Rb6 Bc8
36.Rb3 Re6 37.Rb2 Rd6 38.Rb3 Bf5 39.Ra3 Bd7 40.Nc5 Bc8 41.Na4 Bd7 42.Nc5 Bc8
43.Na4 Bd7 44.Nc5  1/2-1/2

[Event "ch-ESP Abierto"]
[Site "Seville ESP"]
[Date "2004.08.15"]
[Round "3"]
[White "Saldano,H"]
[Black "Escobar Dominguez,D"]
[Result "1/2-1/2"]
[WhiteElo "2474"]
[BlackElo "2339"]

1.e4 c5 2.Nf3 e6 3.Nc3 a6 4.d4 cxd4 5.Nxd4 Qc7 6.Bd3 Nf6 7.O-O Be7 8.Qe2 d6
9.f4 Nbd7 10.Nf3 e5 11.fxe5 Nxe5 12.Nxe5 dxe5 13.Bg5 Be6 14.Bxf6 Bxf6 15.Nd5 Qc5+
16.Kh1 Bg5 17.b4 Qd6 18.c4 O-O 19.c5 Qc6 20.Bc4 Kh8 21.Nb6 Rad8 22.Rad1 Bf4
23.Rxd8 Rxd8 24.Rd1 Rd4 25.Nd5 Rxd1+ 26.Qxd1 Bg5 27.Qd3 Qd7 28.Qc3 Qa4 29.Bb3 Qb5
30.Bc4 Qa4 31.Bb3 Qb5 32.Qc4 Qxc4 33.Bxc4 Bd2 34.Bb3 g6 35.Kg1  1/2-1/2

[Event "14th Open"]
[Site "Abu Dhabi UAE"]
[Date "2004.08.17"]
[Round "4"]
[White "Lauridsen,JM"]
[Black "Moradiabadi,E"]
[Result "1-0"]
[WhiteElo "2283"]
[BlackElo "2435"]

1.e4 c5 2.Nf3 e6 3.d4 cxd4 4.Nxd4 a6 5.Nc3 b5 6.Bd3 Bb7 7.O-O Qc7 8.f4 Bc5
9.Be3 Nc6 10.Nce2 Nf6 11.e5 Ng4 12.Qd2 Ncxe5 13.Rae1 Nxe3 14.Qxe3 Nxd3 15.cxd3 O-O
16.Kh1 Qb6 17.f5 exf5 18.Rxf5 Rae8 19.Re5 Qd8 20.Ng3 Rxe5 21.Qxe5 d6 22.Qf4 g6
23.Ndf5 gxf5 24.d4 Bb4 25.Nh5 Kh8 26.Qh6 Rg8 27.Re8 Bxg2+ 28.Kg1  1-0

[Event "ch-ESP Abierto"]
[Site "Seville ESP"]
[Date "2004.08.18"]
[Round "6"]
[White "Gonzalez de la Torre,S"]
[Black "Ortega Hermida,D"]
[Result "1/2-1/2"]
[WhiteElo "2358"]
[BlackElo "2399"]

1.e4 c5 2.Nf3 e6 3.Nc3 a6 4.d4 cxd4 5.Nxd4 Qc7 6.Be2 Nc6 7.O-O Nf6 8.Be3 Be7
9.f4 d6 10.Kh1 O-O 11.Qe1 Nxd4 12.Bxd4 b5 13.a3 Bb7 14.Qg3 Rad8 15.Rad1 Bc6
16.Rfe1 Kh8 17.Bf3 Rg8 18.Qh3 e5 19.fxe5 dxe5 20.Qg3 Bd6 21.Be3 b4 22.axb4 Bxb4
23.Bg5 Bxc3 24.Bxf6 Rxd1 25.Rxd1 Bxb2 26.Rd8 Qxd8 27.Bxd8 Rxd8 28.Be2 Bb5
29.Qf2 Bxe2 30.Qxe2 a5 31.h4 a4 32.Qc4 a3 33.Qxf7 h6 34.h5 Ra8  1/2-1/2

[Event "ch-FRA w"]
[Site "Val d'Isere FRA"]
[Date "2004.08.18"]
[Round "3"]
[White "Lallemand,R"]
[Black "Flear,C"]
[Result "1-0"]
[WhiteElo "2302"]
[BlackElo "2257"]

1.e4 c5 2.Nc3 e6 3.Nf3 a6 4.d4 cxd4 5.Nxd4 Qc7 6.Be2 Bb4 7.Qd3 Nf6 8.O-O Nc6
9.Nxc6 bxc6 10.Bg5 a5 11.f4 h5 12.Qh3 Ba6 13.Bxa6 Rxa6 14.Bxf6 gxf6 15.f5 e5
16.Na4 Ra8 17.Rad1 Qa7+ 18.Kh1 Rd8 19.c4 Bc5 20.Nxc5 Qxc5 21.b3 h4 22.Rf3 Ke7
23.Rfd3 Qf2 24.R3d2 Qf4 25.Qd3 d6 26.a3 Rhg8 27.Rf1 Qh6 28.Qc3 Rg3 29.Qxa5 Rxb3
30.c5 d5 31.exd5 cxd5 32.c6 h3 33.c7 Rc8 34.Qc5+ Ke8 35.Qxd5 hxg2+ 36.Rxg2 Qh3
37.Rg8+ Ke7 38.Qd8+  1-0

[Event "ch-FRA w"]
[Site "Val d'Isere FRA"]
[Date "2004.08.18"]
[Round "3"]
[White "Bodenez,C"]
[Black "Skripchenko,A"]
[Result "0-1"]
[WhiteElo "2031"]
[BlackElo "2453"]

1.e4 c5 2.Nf3 e6 3.d4 cxd4 4.Nxd4 a6 5.Nc3 Qc7 6.Be3 Nf6 7.Qd2 Bb4 8.f3 d5
9.e5 Qxe5 10.O-O-O Qc7 11.Bg5 Nbd7 12.Bxf6 Nxf6 13.Qg5 Bxc3 14.bxc3 Qxc3
15.Nb3 O-O 16.h4 a5 17.Rd3 Qc7 18.Rh3 h6 19.Qe3 e5 20.g4 a4 21.Nd2 d4  0-1

[Event "Open"]
[Site "Vladimir RUS"]
[Date "2004.08.19"]
[Round "2"]
[White "Braslavsky,A"]
[Black "Ivanova,Ann"]
[Result "1-0"]
[WhiteElo "2276"]
[BlackElo "2049"]

1.e4 c5 2.Nf3 e6 3.d4 cxd4 4.Nxd4 a6 5.Nc3 b5 6.Bd3 Bc5 7.Nb3 Be7 8.Be3 Qc7
9.O-O Nf6 10.f4 d6 11.e5 Nfd7 12.exd6 Bxd6 13.Be4 Nc6 14.Nd4 Nxd4 15.Qxd4 Bc5
16.Qxg7 Bxe3+ 17.Kh1 Bb7 18.Bxb7 Qxb7 19.Qxh8+ Ke7 20.Qxh7 Nf6 21.Qh3 Rg8
22.Qf3 Qa7 23.f5 Bd4 24.fxe6 fxe6 25.Rae1 Rh8 26.Nd5+ Nxd5 27.Qxd5 Be3 28.Qe4 Qc7
29.h3  1-0

[Event "Open"]
[Site "Vladimir RUS"]
[Date "2004.08.19"]
[Round "2"]
[White "Kruchev,B"]
[Black "Kuporosov,V"]
[Result "0-1"]
[WhiteElo "2289"]
[BlackElo "2473"]

1.e4 c5 2.Nf3 e6 3.d4 cxd4 4.Nxd4 a6 5.Nc3 Qc7 6.Bd3 Nf6 7.Qe2 d6 8.O-O g6
9.Kh1 Bg7 10.f4 O-O 11.Be3 b6 12.Rae1 Bb7 13.Qf3 Nbd7 14.Qh3 Nc5 15.Bg1 Rae8
16.Nf3 Nh5 17.Nd2 b5 18.a3 Nxd3 19.cxd3 f5 20.Be3 Qd7 21.Kg1 Rc8 22.d4 Nf6
23.e5 Nd5 24.Nxd5 Bxd5 25.Rc1 Rxc1 26.Rxc1 Rc8 27.Nf1 dxe5 28.dxe5 Bf8 29.Qg3 Rxc1
30.Bxc1 Qc6 31.Be3 a5 32.Qf2 Qc4 33.Qd2 b4 34.axb4 Bxb4 35.Qf2 Qe4 36.h3 h5
37.Kh2 Be1 38.Qe2 h4 39.Kg1 Bg3 40.Nxg3 hxg3 41.Qd2 Kh7 42.Kh1 Kh6 43.Kg1 Kh5
44.Qe2+ Kh4 45.Qd2 Kh5 46.Qe2+ Kh6 47.Qd2 a4 48.Kh1 Kg7 49.Kg1 Kf7 50.Kh1 Ke8
51.Kg1 Kd7 52.Kf1 Qb1+ 53.Qc1 Qxc1+ 54.Bxc1 Kc6 55.Be3 Kb5 56.Ba7 Kc4 57.Bb6 Kd3
58.Bc5 Ke4 59.Bd6 Kxf4 60.Bc7 Ke3 61.Bb6+ Ke4 62.Bc7 Kd4 63.Bd6 Kc4 64.h4 Kb3
65.Ba3 Kc2 66.Kg1 Kd3 67.Bc5 Ke4 68.Bd6 Kf4 69.Kf1 Kg4 70.Be7 f4 71.Kg1 Bxg2
72.Kxg2 f3+ 73.Kg1 Kh3 74.Bg5 f2+ 75.Kf1  0-1

[Event "14th Open"]
[Site "Abu Dhabi UAE"]
[Date "2004.08.20"]
[Round "6"]
[White "Tissir,M"]
[Black "Bistric,F"]
[Result "1-0"]
[WhiteElo "2416"]
[BlackElo "2488"]

1.e4 c5 2.Nc3 e6 3.Nf3 a6 4.d4 cxd4 5.Nxd4 Qc7 6.Be2 Nf6 7.O-O Be7 8.Be3 d6
9.f4 b5 10.Bf3 Bb7 11.e5 dxe5 12.Bxb7 exd4 13.Bxa8 dxe3 14.Kh1 Nbd7 15.Qf3 O-O
16.Rae1 Nb6 17.Be4 Nc4 18.Nb1 Nxb2 19.Rxe3 Qa5 20.Rb3 Nc4 21.Bd3 Qxa2 22.Nc3 Qa5
23.Bxc4 bxc4 24.Rb7 Bb4 25.Ne4 Nd5 26.f5 exf5 27.Qxf5 Ne3 28.Qxa5 Bxa5 29.Ra1 Bd8
30.Rxa6 Nxc2 31.Rc6 Ne3 32.Rb8 h6 33.Rcc8 Be7 34.Rxf8+ Bxf8 35.Nc5  1-0

[Event "Knjaz Milos Jezero Open"]
[Site "Belgrade SCG"]
[Date "2004.08.20"]
[Round "4"]
[White "Zivkovic,S"]
[Black "Petrovic,Pe"]
[Result "1-0"]
[WhiteElo "2311"]
[BlackElo "2157"]

1.e4 c5 2.Nf3 e6 3.d4 cxd4 4.Nxd4 a6 5.Nc3 Qc7 6.g3 Nc6 7.Bg2 Nf6 8.O-O Nxd4
9.Qxd4 Bc5 10.Bf4 d6 11.Qd2 Bd7 12.Rad1 Ke7 13.a3 Ne8 14.b4 Ba7 15.e5 dxe5
16.Bxe5 Qc8 17.Bd6+ Nxd6 18.Qxd6+ Ke8 19.Rfe1 Bb8 20.Qd4 Rg8 21.Nd5 Bc7 22.Qh4 Bd8
23.Qxh7 Kf8 24.Ne3 Bc6 25.Bxc6 Qxc6 26.Ng4 Bc7 27.Ne5 Bxe5 28.Rxe5 b6 29.Qh4 Re8
30.b5 Qc3 31.Qb4+ Qxb4 32.axb4 f6 33.Rh5 axb5 34.Rxb5 Rb8 35.Rd7 Ke8 36.Ra7 Kd8
37.c4 Kc8 38.h4 g6 39.Re7 e5 40.Rf7 f5 41.Rxe5 Rb7 42.Ree7 Rxe7 43.Rxe7 g5
44.h5 Rh8 45.Rf7 Rxh5 46.Rxf5 Kc7 47.g4 Rh3 48.f3  1-0

[Event "ch-FRA w"]
[Site "Val d'Isere FRA"]
[Date "2004.08.20"]
[Round "5"]
[White "Bodenez,C"]
[Black "Flear,C"]
[Result "0-1"]
[WhiteElo "2031"]
[BlackElo "2257"]

1.e4 c5 2.Nf3 e6 3.Nc3 a6 4.d4 cxd4 5.Nxd4 Qc7 6.Bd3 Nf6 7.O-O Bc5 8.Nb3 Be7
9.f4 d6 10.Qe1 Nc6 11.a3 b5 12.Qg3 O-O 13.f5 Ne5 14.Be2 Kh8 15.Nd4 Rd8 16.Bg5 Nc4
17.Rab1 Qc5 18.Qf2 Ng4 19.Bxg4 Bxg5 20.Kh1 Bf6 21.Nb3 Qxf2 22.Rxf2 Nxb2 23.Rxb2 Bxc3
24.Rb1 e5 25.Rf3 b4 26.Na5 d5 27.axb4 d4 28.Rff1 Bd7 29.Be2 Rdb8 30.f6 Rxb4
31.Rxb4 Bxb4 32.Nc4 Bb5 33.Rb1 Bc5 34.fxg7+ Kxg7 35.Bd3 f6 36.Ra1 Rc8 37.Rb1 Rc7
38.g3 Be7 39.Na5 Rc3 40.Rb3 Rxb3 41.Nxb3 Bxd3 42.cxd3 Bb4 43.Nc1 a5 44.Kg2 a4
45.Kf3 Kg6 46.g4 Kg5 47.h3 Kh4 48.Kg2 Bd2 49.Na2 a3 50.Kh2 Be1 51.Kg2 h6
52.Nc1 Bd2 53.Na2 h5 54.gxh5 Kxh5 55.Kf2 Kg5 56.Kg3 Kh5 57.Kf2 Kh4 58.Kg2 Be1
59.Nc1 Bg3 60.Na2 Bf4 61.Nb4 Bc1 62.Na2 Bd2 63.Kh2 f5 64.exf5 Kg5 65.Kg3 Kxf5
66.Kf3 Be1 67.Nc1 Bh4 68.Na2 Bg5 69.Nb4 Bd2 70.Na2 Bf4 71.Nb4 Ke6 72.Ke2 Kd6
73.Na2 Kd5 74.Kf3 Kc5 75.Ke4 Kb5 76.Kd5 Ka4 77.Kc4 Bg5 78.Nb4 Bf4 79.Nc2 a2
80.h4 Bd2 81.h5 Bh6  0-1

[Event "14th Open"]
[Site "Abu Dhabi UAE"]
[Date "2004.08.21"]
[Round "7"]
[White "Tayeb,S"]
[Black "Illijin,N"]
[Result "1/2-1/2"]
[WhiteElo "2240"]
[BlackElo "2286"]

1.e4 c5 2.Nf3 e6 3.d4 cxd4 4.Nxd4 a6 5.Nc3 b5 6.Bd3 Qb6 7.Be3 Bc5 8.Nce2 Nc6
9.c3 b4 10.O-O Nf6 11.h3 Bb7 12.a3 bxc3 13.bxc3 Ne5 14.Rb1 Qa7 15.Nxe6 Bxe3
16.Nxg7+ Kf8 17.Nf5 Bc5 18.Qd2 h6 19.Neg3 Bc6 20.Kh1 Nxd3 21.Qxd3 Qc7 22.f4 d5
23.c4 Nxe4 24.cxd5 Nxg3+ 25.Qxg3 Rg8 26.Qh4 Bxd5 27.Qxh6+ Ke8 28.Rfe1+ Kd8
29.Qf6+ Kc8 30.Ne7+ Bxe7 31.Rxe7 Bxg2+ 32.Kh2 Qc2 33.Rb2 Qc6 34.Qxf7 Bd5
35.Qf5+ Kd8 36.Qe5 Qc5 37.Rg7 Rxg7 38.Qxg7 Rc8 39.Qe5 Kd7 40.Rd2 Kc6 41.Qf5 Rf8
42.Qg6+ Qd6 43.Qc2+ Kb7 44.Qb2+ Kc8 45.Qd4 Rf5 46.Kg3 Qg6+ 47.Kh2 Qd6 48.Kg3 Qg6+
49.Kh2 Qd6  1/2-1/2

[Event "14th Open"]
[Site "Abu Dhabi UAE"]
[Date "2004.08.21"]
[Round "7"]
[White "Iuldachev,S"]
[Black "Mashinskaya,I"]
[Result "1/2-1/2"]
[WhiteElo "2550"]
[BlackElo "2234"]

1.e4 c5 2.Nc3 e6 3.Nf3 a6 4.d4 cxd4 5.Nxd4 Nc6 6.g3 Qc7 7.Bg2 Nf6 8.O-O Bc5
9.Nxc6 dxc6 10.Na4 Ba7 11.c4 Nd7 12.Qg4 Bd4 13.Bf4 Qa5 14.Rad1 h5 15.Qe2 e5
16.b3 Nc5 17.Rxd4 Nxa4 18.Bd2 Qc7 19.Rd3 Nc5 20.Rc3 Ne6 21.c5 Nd4 22.Qd1 Bg4
23.f3 Be6 24.Rf2 O-O-O 25.Qe1 f6 26.f4 h4 27.f5 Bf7 28.g4 Qe7 29.h3 g5 30.fxg6 Bxg6
31.b4 Rhf8 32.a4 Rd7 33.Qe3 Rfd8 34.Qh6 Qh7 35.Qxh7 Bxh7 36.Bh6 Rh8 37.Be3 Rhd8
38.Kh2 Kb8 39.Rxf6 Ne2 40.Rc4 Bg8 41.Rc2 Nd4 42.Rcf2 Ne6 43.Bh6 Rd4 44.g5 Nf4
45.g6 Nxg2 46.Kxg2 Rxe4 47.Rf8 Rd4 48.Bg5 Bd5+ 49.Kh2 Rxf8 50.Rxf8+ Kc7 51.Kg1 Rd3
52.Bxh4 Rxh3 53.Rh8 Rh1+ 54.Kf2 Rh2+ 55.Kf1 Rh1+ 56.Kf2 Rh2+ 57.Kg3 Rg2+
58.Kh3 Rxg6 59.Bg3 Kd7 60.Bxe5 Ke6  1/2-1/2

[Event "ch-FRA"]
[Site "Val d'Isere FRA"]
[Date "2004.08.21"]
[Round "6"]
[White "Dorfman,J"]
[Black "Maze,S"]
[Result "1-0"]
[WhiteElo "2599"]
[BlackElo "2497"]

1.e4 c5 2.Nf3 e6 3.d4 cxd4 4.Nxd4 a6 5.Nc3 Qc7 6.Be2 Nf6 7.O-O b5 8.Bf3 Bb7
9.e5 Ng8 10.Bf4 Nc6 11.Nxc6 Bxc6 12.a4 b4 13.Ne4 f5 14.Bh5+ g6 15.Nd6+ Bxd6
16.exd6 Qd8 17.Be2 Nf6 18.a5 Nd5 19.Be5 O-O 20.Bf3 Qc8 21.Qd4 Rb8 22.Rfe1 Qd8
23.c4 bxc3 24.bxc3 Rb3 25.h4 f4 26.Reb1 Qb8 27.Rxb3 Qxb3 28.h5 Rc8 29.c4 Ne3
30.Qxf4 Nf5 31.Bxc6 Rxc6 32.Qg5  1-0

[Event "Open"]
[Site "Vladimir RUS"]
[Date "2004.08.21"]
[Round "4"]
[White "Glek,I"]
[Black "Ivanov,Vic"]
[Result "1-0"]
[WhiteElo "2578"]
[BlackElo "2459"]

1.e4 c5 2.Nf3 e6 3.d4 cxd4 4.Nxd4 a6 5.Nc3 b5 6.Bd3 Qb6 7.Nb3 Qc7 8.Qe2 Nc6
9.f4 d6 10.Bd2 Nf6 11.O-O Be7 12.Kh1 b4 13.Nd1 a5 14.c3 O-O 15.Ne3 Qa7 16.Nc4 bxc3
17.Bxc3 a4 18.Nbd2 d5 19.exd5 exd5 20.Ne5 Nb4 21.a3 Nxd3 22.Nc6 Qa6 23.Nxe7+ Kh8
24.Bxf6 gxf6 25.Qh5 Qa7 26.Nxd5 Rg8 27.Nxf6 Rg7 28.Nde4 Bb7 29.Rad1 Rd8 30.Qe2 Qd4
31.Rf3 Bxe4 32.Nxe4 Qxe4 33.Qxe4 Nf2+ 34.Kg1 Nxe4 35.Rxd8+ Rg8 36.Rxg8+ Kxg8
37.Rd3  1-0

[Event "Open"]
[Site "Vladimir RUS"]
[Date "2004.08.21"]
[Round "4"]
[White "Bragin,A1"]
[Black "Kolomensky,V"]
[Result "1-0"]
[WhiteElo "2396"]
[BlackElo "2246"]

1.e4 c5 2.Nf3 e6 3.d4 cxd4 4.Nxd4 a6 5.Nc3 b5 6.Be2 Bb7 7.Bf3 Qc7 8.O-O Nc6
9.Nxc6 dxc6 10.a4 b4 11.Nb1 a5 12.Nd2 Nf6 13.Nc4 Ba6 14.Qd3 Nd7 15.Be2 Bc5
16.Qf3 O-O 17.Bf4 e5 18.Bg5 f6 19.Be3 Rfd8 20.Rfd1 Bf8 21.Nd2 Nc5 22.Bxa6 Nxa6
23.Qe2 Qf7 24.Nc4 Rxd1+ 25.Rxd1 Nc5 26.Nb6 Re8 27.Bxc5 Bxc5 28.Nc4 Ra8 29.b3 h6
30.Qg4 Bd4 31.Nd6 Qa7 32.Rd2 Kh7 33.h4 Rd8 34.Nc4 Qc7 35.Qe6  1-0

[Event "VII Banc Post & Ciuc Premium B"]
[Site "Miercurea Ciuc ROM"]
[Date "2004.08.22"]
[Round "3"]
[White "Argyo,N"]
[Black "Chirila,I"]
[Result "0-1"]
[WhiteElo "2076"]
[BlackElo "2195"]

1.e4 c5 2.Nf3 e6 3.d4 cxd4 4.Nxd4 a6 5.Nc3 Qc7 6.Bd3 Nf6 7.O-O d6 8.Kh1 Be7
9.f4 O-O 10.f5 Nc6 11.Be3 Ne5 12.h3 b5 13.fxe6 fxe6 14.a3 Nc4 15.Bxc4 Qxc4
16.Qd3 Qc7 17.Bg1 Re8 18.Bh2 Bf8 19.Rae1 Nd7 20.e5 Nxe5 21.Bxe5 dxe5 22.Nf3 Bb7
23.Nxe5 Rad8 24.Qe2 Bd6 25.Nf7 Rd7 26.Nxd6 Rxd6 27.Rd1 e5 28.Rxd6 Qxd6 29.Rd1 Qc6
30.Nd5 e4 31.Ne3 Qf6 32.c3 Qe6 33.Rd4 Rf8 34.Rd1 h6 35.Qd2 Bc8 36.Re1 Qe5
37.Rf1 Re8 38.Qf2 Be6 39.Qf4 Qxf4 40.Rxf4 Bb3 41.Kg1 Rd8 42.Rf2 Rd3 43.Re2 Kf7
44.Ng4 Rd1+ 45.Kf2 h5 46.Ne3 Rd6 47.Ke1 Ke6 48.Rf2 g6 49.Rf8 Ke5 50.g4 Rf6
51.Rxf6 Kxf6 52.gxh5 gxh5 53.Ng2 Ke5 54.Kf2 Be6 55.Kg3 e3 56.Nf4 h4+ 57.Kf3 e2
58.Nxe2 Bxh3 59.Nf4 Bf5 60.Ne2 h3 61.Nd4 Bd7 62.Nc2 a5 63.Ne3 h2 64.Kg2 Ke4
65.Nd1 Kd3 66.b4 a4 67.Kxh2 Ke2 68.Nb2 Kd2 69.c4 Kc2 70.Nxa4 bxa4 71.b5 Kb3  0-1

[Event "Paks Cup IM"]
[Site "Paks HUN"]
[Date "2004.08.22"]
[Round "2"]
[White "Zlatic,M"]
[Black "Papp,T"]
[Result "1-0"]
[WhiteElo "2404"]
[BlackElo "2171"]

1.e4 c5 2.Nc3 e6 3.Nf3 a6 4.d4 cxd4 5.Nxd4 b5 6.Bd3 Bc5 7.Nb3 Be7 8.O-O d6
9.Be3 Bb7 10.f4 Nd7 11.a4 b4 12.Nb1 Ngf6 13.N1d2 d5 14.e5 Ne4 15.Kh1 O-O
16.Qf3 f5 17.exf6 Ndxf6 18.Nd4 Qd7 19.Qh3 e5 20.fxe5 Qxh3 21.gxh3 Nd7 22.N2f3 Bc5
23.e6 Ndf6 24.Rae1 Rfe8 25.h4 Bc8 26.Ng5 h6 27.Nxe4 Nxe4 28.Rg1 Ra7 29.Nc6 Rc7
30.Bxc5 Rxc6 31.Bd4 Rc7 32.Re2 Rxe6 33.Reg2 Ree7 34.Rg6 h5 35.Rb6 a5 36.Rb8 Nd6
37.Rg5 Re8 38.Rxh5 Bd7 39.Rb6 Nb7 40.b3 Nc5 41.Rg5 Ne6 42.Be5 Nxg5 43.Bxc7 Bh3
44.Rb8 Rxb8 45.Bxb8 Ne4 46.Kg1 Nc5 47.Bg6 Nb7 48.Bc7 Kf8 49.Kf2 Ke7 50.Be5 Nd6
51.Bxg7 Nf5 52.Be5 Nxh4 53.Bd3 Nf5 54.Bc7 Nd4 55.Bxa5 Nc6 56.Bb6  1-0

[Event "Open"]
[Site "Vladimir RUS"]
[Date "2004.08.23"]
[Round "6"]
[White "Kruchev,B"]
[Black "Ivanov,Vic"]
[Result "0-1"]
[WhiteElo "2289"]
[BlackElo "2459"]

1.e4 c5 2.Nf3 e6 3.d4 cxd4 4.Nxd4 a6 5.Nc3 b5 6.Bd3 Qb6 7.Nb3 Qc7 8.O-O Nf6
9.Qe2 Nc6 10.f4 d6 11.Bd2 Be7 12.a4 b4 13.Na2 O-O 14.Kh1 a5 15.c3 bxc3 16.Bxc3 d5
17.exd5 exd5 18.Rac1 Qb6 19.Bb5 Ba6 20.Bxf6 Bxf6 21.Nc3 Nb4 22.Rfd1 Bb7 23.Qd2 d4
24.Ne2 Rad8 25.Ng3 Bd5 26.Na1 d3 27.Nh5 Bd4 28.Bxd3 Nxd3 29.Qxd3 Bxb2 30.Qb1 Qf2
31.Rg1 Bxc1 32.Qxc1 Bf3  0-1

[Event "Paks Cup GM"]
[Site "Paks HUN"]
[Date "2004.08.24"]
[Round "4"]
[White "Nevednichy,V"]
[Black "Anka,E"]
[Result "0-1"]
[WhiteElo "2538"]
[BlackElo "2407"]

1.e4 c5 2.Nf3 e6 3.d4 cxd4 4.Nxd4 a6 5.Nc3 b5 6.Bd3 Qb6 7.Nb3 Qc7 8.O-O Bb7
9.f4 Nf6 10.Qe2 b4 11.Nd1 Nc6 12.Nf2 d6 13.Be3 Be7 14.Rac1 O-O 15.c4 bxc3
16.Rxc3 Rfc8 17.Rd1 Qd8 18.Bb1 Qe8 19.Bd2 a5 20.e5 dxe5 21.fxe5 Nd5 22.Rh3 g6
23.a4 Rab8 24.Ng4 Qd8 25.Rf1 Qb6+ 26.Kh1 Rf8 27.Nh6+ Kg7 28.Nxf7 Rxf7 29.Rxh7+ Kxh7
30.Rxf7+ Kg8 31.Qg4 Nxe5 32.Qg3 Kxf7  0-1

[Event "Knjaz Milos Jezero Open"]
[Site "Belgrade SCG"]
[Date "2004.08.25"]
[Round "9"]
[White "Dimitrijevic,R"]
[Black "Nestorovic,DN"]
[Result "0-1"]
[WhiteElo "1919"]
[BlackElo "2166"]

1.e4 c5 2.Nf3 e6 3.d4 cxd4 4.Nxd4 a6 5.Nc3 Qc7 6.Be2 Nf6 7.Bg5 Be7 8.Qd2 b5
9.f3 O-O 10.O-O b4 11.Nd1 h6 12.Be3 Bb7 13.Nf2 d5 14.Bd3 Nbd7 15.Bf4 Qb6
16.Ne2 e5 17.Bg3 dxe4 18.Bxe4 Nxe4 19.Qxd7 Nxg3 20.Nxg3 Bc5 21.Qd2 a5 22.Rfd1 f5
23.Qe2 e4 24.Rd7 Bc6 25.Rdd1 Bb5 26.Qe1 Bxf2+  0-1

[Event "XVI Open"]
[Site "Porto San Giorgio ITA"]
[Date "2004.08.25"]
[Round "5"]
[White "Kohlweyer,B"]
[Black "Sabia,C"]
[Result "1-0"]
[WhiteElo "2411"]
[BlackElo "2150"]

1.e4 c5 2.Nf3 e6 3.Nc3 a6 4.d4 cxd4 5.Nxd4 Qc7 6.Bd3 Nf6 7.O-O Be7 8.Kh1 d6
9.f4 b5 10.a3 Bb7 11.Qe1 Nc6 12.Nf3 b4 13.Ne2 d5 14.e5 Ne4 15.Ng3 Nc5 16.Nh5 g6
17.Nf6+ Bxf6 18.exf6 Nxd3 19.cxd3 a5 20.f5 gxf5 21.Bh6 e5 22.Rc1 Qd6 23.Qh4 Qe6
24.Bg7 Rg8 25.Qxh7 Kd7 26.Qh4 Ke8 27.Rfe1 Rd8 28.Rc2 b3 29.Rce2  1-0

[Event "ch-FRA w"]
[Site "Val d'Isere FRA"]
[Date "2004.08.26"]
[Round "11"]
[White "Bodenez,C"]
[Black "Lallemand,R"]
[Result "0-1"]
[WhiteElo "2031"]
[BlackElo "2302"]

1.e4 c5 2.Nf3 e6 3.Nc3 a6 4.d4 cxd4 5.Nxd4 Qc7 6.Bd3 Nf6 7.O-O Nc6 8.Nxc6 dxc6
9.f4 e5 10.fxe5 Bc5+ 11.Kh1 Ng4 12.Qe2 Nxe5 13.Bf4 Be6 14.Bxe5 Qxe5 15.Bc4 Bd6
16.g3 O-O 17.Bxe6 Qxe6 18.Nd1 Rae8 19.Nf2 f5 20.Rfe1 f4 21.g4 f3 22.Qf1 Qe5
23.Qg1 Qxb2  0-1